| 000 | 00365 a2200109 4500 | ||
|---|---|---|---|
| 001 | ART_2822 | ||
| 005 | 20260410161710.0 | ||
| 008 | 260409a | ||
| 245 | 1 | 0 | _aProblemas de industrialización con restricciones en el sector externo |
| 100 | 1 | _aVillanueva, Javier | |
| 773 | 0 |
_tDesarrollo económico _g- Vol. 4, Nº 14/15 (jul./dic. 1964) _wREV1174 |
|
| 999 |
_c16003 _d16003 |
||